Advancing the Consumer Interest

محفوظ في:

التنسيق: دورية

اللغة: Undetermined

منشور في: JSTOR
Wiley

الموضوعات:

الوصول للمادة أونلاين: Login to view Source

الوسوم: إضافة وسم

لا توجد وسوم, كن أول من يضع وسما على هذه التسجيلة!

رقم الطلب:

LEADER 00502nas a2200169Ia 4500
008 220214c99999999xx |||||||||||| ||und||
022 |a 1044-7385 
022 |a 2377-4800 
245 0 0 |a Advancing the Consumer Interest 
264 1 |b JSTOR 
264 1 |b Wiley 
362 0 |a Vol. 1(1989)-13 (2001) 
653 1 0 |a Business & Economics 
856 4 0 |u https://www.jstor.org/journal/advaconsinte 
942 |c JL 
952 |0 0  |1 0  |4 0  |7 1  |9 33662  |a JSR  |b JSR  |d 2022-02-14  |l 0  |r 2022-02-14 00:00:00  |w 2022-02-14  |y JL 
999 |c 41996  |d 41996